[Event "X Festival A"]
[Site "Salsomaggiore Terme ITA"]
[Date "2006.05.14"]
[Round "5"]
[White "Zuccaro, Guido"]
[Black "Tomio, Dante"]
[Result "0-1"]
[WhiteElo "1631"]
[BlackElo "1967"]
[PlyCount "85"]
[EventDate "2006.05.12"]

1. c4 c5 2. Nc3 Nc6 3. g3 d6 4. Bg2 g6 5. d3 Bg7 6. e3 e6 7. Nge2 a6 8. O-O
Nge7 9. Rb1 O-O 10. a3 Rb8 11. b4 cxb4 12. axb4 b5 13. cxb5 axb5 14. Qb3 Ne5
15. Rd1 Bb7 16. e4 Ba8 17. h3 h6 18. Be3 Qe8 19. Rd2 g5 20. d4 Nd7 21. Ra2 Nb6
22. d5 exd5 23. exd5 Nf5 24. Bxb6 Rxb6 25. Qa3 Rb8 26. Qb3 Bb7 27. Ra5 Bc8 28.
Qd1 Nxg3 29. Nd4 Bxd4 30. Qxd4 Ne2+ 31. Nxe2 Qxe2 32. Bf1 Qh5 33. Rb3 Bf5 34.
Rg3 Rfe8 35. Qf6 Bg6 36. Qxd6 Rbd8 37. Qc5 Be4 38. Bg2 Rxd5 39. Qb6 Rd1+ 40.
Kh2 Bxg2 41. Kxg2 Ree1 42. Rg4 Rg1+ 43. Kh2 0-1

[Event "X Festival A"]
[Site "Salsomaggiore Terme ITA"]
[Date "2006.05.14"]
[Round "6"]
[White "Baldelli, Alex"]
[Black "Muha, Zdravko"]
[Result "1/2-1/2"]
[WhiteElo "2028"]
[BlackElo "2083"]
[PlyCount "57"]
[EventDate "2006.05.12"]

1. d4 Nf6 2. c4 e6 3. Nc3 d5 4. Bg5 Nbd7 5. cxd5 exd5 6. Nf3 Bb4 7. Qc2 c5 8.
e3 Qa5 9. Nd2 cxd4 10. exd4 O-O 11. Be2 Re8 12. Be3 Nf8 13. O-O Ng4 14. Bxg4
Bxg4 15. Nb3 Qd8 16. a3 Be7 17. Qd2 b6 18. Rac1 Rc8 19. Rfe1 Ne6 20. h3 Bh5 21.
f4 Bg6 22. Ne2 Be4 23. Rxc8 Qxc8 24. Rc1 Qa6 25. Rc3 h5 26. Ng3 h4 27. Nxe4
dxe4 28. f5 Nf8 29. Qf2 1/2-1/2

[Event "X Festival A"]
[Site "Salsomaggiore Terme ITA"]
[Date "2006.05.14"]
[Round "6"]
[White "Barletta, Mauro"]
[Black "Cottarelli, Franco"]
[Result "1-0"]
[WhiteElo "2258"]
[BlackElo "1970"]
[PlyCount "107"]
[EventDate "2006.05.12"]

1. c4 f5 2. b3 Nf6 3. Bb2 d6 4. Bxf6 exf6 5. Nc3 g6 6. e3 Bh6 7. g3 Nc6 8. Bg2
O-O 9. Nge2 Bd7 10. O-O Kh8 11. Nd5 Rb8 12. Nec3 Ne7 13. Nxe7 Qxe7 14. Rc1 c6
15. f4 Bg7 16. Qc2 Rfe8 17. Rb1 Qf7 18. Ne2 Rbd8 19. Rfc1 Bc8 20. b4 Qc7 21. a4
Re7 22. b5 c5 23. Nc3 Be6 24. Bd5 Qc8 25. a5 Bxd5 26. Nxd5 Re6 27. Re1 h6 28.
Kf2 Kh7 29. Re2 Rf8 30. Rbe1 Qd7 31. b6 axb6 32. axb6 Ree8 33. Ra1 Ra8 34. Ree1
Qc6 35. Reb1 h5 36. Qb3 Kh6 37. h3 Qd7 38. Nc7 Rxa1 39. Rxa1 Qc6 40. Nd5 Rb8
41. Ra7 Qe8 42. d3 Qc6 43. Qa4 h4 44. gxh4 Kh5 45. Qd1+ Kh6 46. Qf3 Qe8 47. Nc7
Qc8 48. Qg2 Bf8 49. Qd5 Be7 50. Qf7 Qf8 51. Qd5 Kh7 52. Rxb7 Qh6 53. Rxb8 Qxh4+
54. Kg2 1-0

[Event "X Festival A"]
[Site "Salsomaggiore Terme ITA"]
[Date "2006.05.14"]
[Round "6"]
[White "Bonade', Massimo"]
[Black "Musumeci, Valentino"]
[Result "1/2-1/2"]
[WhiteElo "2104"]
[BlackElo "1694"]
[PlyCount "124"]
[EventDate "2006.05.12"]

1. d4 d5 2. c4 Nf6 3. cxd5 Nxd5 4. e4 Nf6 5. Nc3 e6 6. Bg5 Be7 7. Nf3 Nbd7 8.
Bc4 c6 9. a4 O-O 10. O-O b6 11. Qe2 Bb7 12. Rfd1 Nh5 13. Bxe7 Qxe7 14. e5 Nf4
15. Qe4 Nd5 16. Bd3 g6 17. Qg4 f5 18. exf6 N7xf6 19. Qh4 Rae8 20. Ne5 Nh5 21.
Qxe7 Rxe7 22. Bxg6 hxg6 23. Nxg6 Kf7 24. Nxf8 Kxf8 25. a5 b5 26. Ne4 Nhf4 27.
Nc5 Bc8 28. Re1 Rg7 29. g3 Ke7 30. Kf1 Ng6 31. f4 Kd6 32. Re2 Rf7 33. Rae1 Nc7
34. Kg2 Kd5 35. Re4 Rg7 36. Kf3 Kd6 37. h4 Ne7 38. g4 Ned5 39. h5 Nf6 40. h6
Rxg4 41. Rh1 Rg8 42. Re5 Nh7 43. Ne4+ Ke7 44. Ng5 Rh8 45. Nxh7 Rxh7 46. Rg5 Ne8
47. Ke3 Bd7 48. Rh2 Kf6 49. b3 Nd6 50. Kd3 Be8 51. Rg8 Bg6+ 52. Kc3 Be4 53. Kb4
Nf5 54. Rf8+ Ke7 55. Rb8 Kd6 56. Kc3 Kc7 57. Ra8 Kb7 58. Re8 Bd5 59. Rf8 Rxh6
60. Rxh6 Nxh6 61. b4 Nf5 62. Rf7+ Kb8 1/2-1/2

[Event "X Festival A"]
[Site "Salsomaggiore Terme ITA"]
[Date "2006.05.14"]
[Round "6"]
[White "Bozuffi, Italo"]
[Black "Guastadini, Paolo"]
[Result "0-1"]
[WhiteElo "1866"]
[BlackElo "2056"]
[PlyCount "104"]
[EventDate "2006.05.12"]

1. f4 g6 2. Nf3 c6 3. e3 Bg7 4. d4 d6 5. Bd3 Bg4 6. O-O d5 7. h3 Bxf3 8. Qxf3
f5 9. Qe2 Nf6 10. Qe1 Nbd7 11. Nd2 a6 12. Nf3 Ne4 13. Bxe4 dxe4 14. Ne5 O-O 15.
Bd2 Nxe5 16. dxe5 Qc7 17. Bc3 Rad8 18. Qe2 Rd5 19. g4 e6 20. Rad1 Rc8 21. gxf5
gxf5 22. Kh1 Qf7 23. Rg1 Kh8 24. Rxd5 cxd5 25. Bd4 b5 26. b4 Bf8 27. a3 h6 28.
c3 Be7 29. a4 bxa4 30. Qxa6 Rf8 31. Qe2 a3 32. Ra1 Ra8 33. Bb6 Rg8 34. Rxa3 Qg6
35. Qf1 Qg3 36. Ra2 Bh4 37. Ra1 Qf3+ 38. Qxf3 exf3 39. Rf1 Rg3 40. e4 Rxh3+ 41.
Kg1 Rg3+ 42. Kh1 fxe4 43. Bf2 Rh3+ 44. Kg1 Bxf2+ 45. Kxf2 Rh2+ 46. Ke3 Re2+ 47.
Kd4 Rd2+ 48. Ke3 Rd3+ 49. Kf2 Rxc3 50. f5 exf5 51. Rd1 Rc2+ 52. Kf1 e3 0-1

[Event "X Festival A"]
[Site "Salsomaggiore Terme ITA"]
[Date "2006.05.14"]
[Round "6"]
[White "Brigati, Alessandro"]
[Black "Garvani, Vittorio"]
[Result "1/2-1/2"]
[WhiteElo "2080"]
[BlackElo "1997"]
[PlyCount "115"]
[EventDate "2006.05.12"]

1. d4 f5 2. c4 Nf6 3. Nc3 e6 4. e3 Be7 5. Nf3 O-O 6. Bd3 d6 7. O-O c6 8. b3 Qc7
9. Bb2 e5 10. e4 f4 11. dxe5 dxe5 12. Qc2 Bg4 13. Be2 Nbd7 14. Rfd1 Rad8 15.
Ng5 Bxe2 16. Qxe2 f3 17. Nxf3 Nh5 18. g3 g6 19. Bc1 Rf7 20. Bh6 Ng7 21. Rf1 Ne6
22. Rad1 a6 23. Kg2 Bb4 24. Qb2 Bc5 25. a3 Nd4 26. Nxd4 Bxd4 27. Qc2 Nf6 28. f3
Rfd7 29. Rfe1 Qa5 30. Na4 b5 31. Bd2 Qc7 32. Nb2 Qd6 33. Bb4 c5 34. Ba5 Rb8 35.
Bc3 Qb6 36. Bxd4 Rxd4 37. Rxd4 exd4 38. Nd3 Nd7 39. b4 Kg7 40. cxb5 cxb4 41.
axb4 Qxb5 42. Rc1 Rb7 43. Qc4 Qb6 44. Qc6 Qa7 45. Ra1 Rb6 46. Qd5 Rb7 47. b5 a5
48. Qc6 Rc7 49. Qa6 Rc2+ 50. Kg1 Qc7 51. Qxa5 Qc4 52. Rd1 Ra2 53. Qb4 Qc2 54.
Qe7+ Kh6 55. Qh4+ Kg7 56. Qe7+ Kg8 57. Qe6+ Kf8 58. Qd6+ 1/2-1/2

[Event "X Festival A"]
[Site "Salsomaggiore Terme ITA"]
[Date "2006.05.14"]
[Round "6"]
[White "De Zaiacomo, Tonino"]
[Black "Bonade', Giacomo"]
[Result "1/2-1/2"]
[WhiteElo "1911"]
[BlackElo "1778"]
[PlyCount "58"]
[EventDate "2006.05.12"]

1. d4 f5 2. c4 Nf6 3. Nc3 e6 4. Nf3 Be7 5. Bf4 d6 6. Qc2 a6 7. e3 O-O 8. Bd3
Nc6 9. a3 Qe8 10. O-O Nh5 11. Bg5 Bxg5 12. Nxg5 Qe7 13. Nf3 Nf6 14. d5 exd5 15.
cxd5 Ne5 16. Nxe5 Qxe5 17. h3 Kh8 18. Rfe1 f4 19. exf4 Qxf4 20. Re3 Bd7 21.
Rae1 Rae8 22. Rxe8 Bxe8 23. Re3 Bh5 24. g3 Qd4 25. g4 Be8 26. Rf3 h6 27. Qe2
Qe5 28. Re3 Qg5 29. Rg3 Qe5 1/2-1/2

[Event "X Festival A"]
[Site "Salsomaggiore Terme ITA"]
[Date "2006.05.14"]
[Round "6"]
[White "Del Giudice, Stefano"]
[Black "Marini, Lucio"]
[Result "1/2-1/2"]
[WhiteElo "2058"]
[BlackElo "1914"]
[PlyCount "55"]
[EventDate "2006.05.12"]

1. d4 Nf6 2. Nf3 e6 3. e3 c5 4. c3 d5 5. Bd3 Nc6 6. Nbd2 Bd6 7. O-O O-O 8. dxc5
Bxc5 9. e4 Qc7 10. Qe2 Ne5 11. Nxe5 Qxe5 12. Nf3 Qh5 13. e5 Ng4 14. h3 Nh6 15.
Bxh7+ Kh8 16. Bc2 Bd7 17. Qd3 Nf5 18. g4 Qxh3 19. gxf5 Bb5 20. Qxb5 Qg3+ 21.
Kh1 Qxf3+ 22. Kh2 Qh5+ 23. Kg3 exf5 24. Bd1 Qg6+ 25. Kh2 Qh7+ 26. Kg3 Qg6+ 27.
Kf4 Qh6+ 28. Kg3 1/2-1/2

[Event "X Festival A"]
[Site "Salsomaggiore Terme ITA"]
[Date "2006.05.14"]
[Round "6"]
[White "Ferrari, Cristiano"]
[Black "Salati, Paolo"]
[Result "0-1"]
[WhiteElo "1436"]
[BlackElo "1938"]
[PlyCount "106"]
[EventDate "2006.05.12"]

1. d4 d5 2. Nf3 Nf6 3. c4 c6 4. Bf4 e6 5. e3 Bb4+ 6. Nbd2 O-O 7. a3 Ba5 8. cxd5
exd5 9. Be2 Ne4 10. O-O f5 11. b4 Bc7 12. Bxc7 Qxc7 13. Rc1 Qe7 14. Nb3 Nd7 15.
Bd3 a6 16. Re1 h6 17. Nc5 Ndxc5 18. bxc5 Be6 19. Ne5 Bf7 20. f3 Bh5 21. Be2 Ng5
22. f4 Bxe2 23. Qxe2 Ne4 24. Ng6 Qf6 25. Nxf8 Rxf8 26. Rc2 Re8 27. Rb1 Re7 28.
Rb6 Qf7 29. Qe1 Nf6 30. h3 Qe6 31. Re2 Nh5 32. Rbb2 Nf6 33. Rb3 Nh5 34. Qh4 Nf6
35. a4 Nd7 36. Rxb7 Nf6 37. Rxe7 Qxe7 38. Qe1 Qb7 39. Qc1 Qb3 40. a5 Qb5 41.
Rb2 Qxa5 42. Rb8+ Kh7 43. Qb1 Ne4 44. Qb6 Qe1+ 45. Kh2 Qg3+ 46. Kg1 Qxe3+ 47.
Kh2 Qxf4+ 48. Kg1 Qe3+ 49. Kh2 Qxd4 50. Qxc6 Qe5+ 51. Kg1 Qxb8 52. Qxd5 Qc8 53.
c6 Nf6 0-1

[Event "X Festival A"]
[Site "Salsomaggiore Terme ITA"]
[Date "2006.05.14"]
[Round "6"]
[White "Frigieri, Fabrizio"]
[Black "Pipitone, Antonio"]
[Result "1/2-1/2"]
[WhiteElo "2080"]
[BlackElo "1994"]
[PlyCount "92"]
[EventDate "2006.05.12"]

1. e4 c5 2. Nf3 d6 3. d4 cxd4 4. Nxd4 Nf6 5. Nc3 Nc6 6. Bg5 e6 7. Qd2 a6 8.
O-O-O h6 9. Be3 Be7 10. f3 Nxd4 11. Bxd4 e5 12. Be3 Be6 13. Kb1 Qa5 14. Qf2 Qc7
15. Be2 b5 16. g4 Rc8 17. Rd2 Qb7 18. Rhd1 b4 19. Nd5 Bxd5 20. exd5 Nd7 21. Bd3
a5 22. Bf5 Rc4 23. f4 exf4 24. Bxf4 O-O 25. Qe3 Nb6 26. Bxh6 Na4 27. Qb3 Nxb2
28. Kxb2 Bf6+ 29. Kb1 Rc3 30. Qa4 gxh6 31. Qd7 Qb6 32. Bd3 b3 33. Qb5 bxa2+ 34.
Kxa2 Qc7 35. Rb1 Rc8 36. Re2 Kg7 37. Qb6 Qc5 38. Qxc5 R8xc5 39. Rf2 Rc7 40. Rb5
a4 41. Ra5 R3c5 42. Rxc5 Rxc5 43. c4 Ra5 44. Ka3 Bd4 45. Re2 Bc5+ 46. Ka2 Ra7
1/2-1/2

[Event "X Festival A"]
[Site "Salsomaggiore Terme ITA"]
[Date "2006.05.14"]
[Round "6"]
[White "Gerundino, Nicola"]
[Black "Tizzoni, Lionello"]
[Result "1/2-1/2"]
[WhiteElo "1968"]
[BlackElo "2050"]
[PlyCount "39"]
[EventDate "2006.05.12"]

1. e4 e6 2. d4 d5 3. exd5 exd5 4. Bd3 Bd6 5. Nf3 Ne7 6. O-O h6 7. Re1 O-O 8. h3
Nbc6 9. c3 Bf5 10. Qc2 Bxd3 11. Qxd3 Ng6 12. Be3 Qf6 13. Nbd2 Rfe8 14. Re2 Re7
15. Rae1 Rae8 16. Nf1 a6 17. N1h2 Nh4 18. Nxh4 Bxh2+ 19. Kxh2 Qxh4 20. Bd2
1/2-1/2

[Event "X Festival A"]
[Site "Salsomaggiore Terme ITA"]
[Date "2006.05.14"]
[Round "6"]
[White "Giretti Kanev, Jasen"]
[Black "Luciani, Valerio"]
[Result "1-0"]
[WhiteElo "2220"]
[BlackElo "2242"]
[PlyCount "73"]
[EventDate "2006.05.12"]

1. e4 e6 2. Qe2 c5 3. Nf3 Nc6 4. g3 Nf6 5. Bg2 d5 6. exd5 Nxd5 7. Nc3 b6 8.
Nxd5 Qxd5 9. c4 Qd6 10. d4 cxd4 11. Bf4 Qb4+ 12. Bd2 Qc5 13. Ne5 Bb7 14. b4 Qd6
15. c5 Qc7 16. cxb6 Qxb6 17. Nc4 Qc7 18. O-O Be7 19. Rac1 Nd8 20. Bf4 Qd7 21.
Ne5 d3 22. Qg4 Qb5 23. Qxg7 Rf8 24. Rc7 Bxg2 25. Bg5 Bd6 26. Qf6 Qxb4 27. Rd7
Nc6 28. Nxc6 Kxd7 29. Nxb4 Bxf1 30. Kxf1 Bxb4 31. Qd4+ Bd6 32. Bf4 Rfd8 33.
Qxd6+ Ke8 34. Qc6+ Ke7 35. Qb7+ Kf8 36. Bh6+ Kg8 37. Qe4 1-0

[Event "X Festival A"]
[Site "Salsomaggiore Terme ITA"]
[Date "2006.05.14"]
[Round "6"]
[White "Grillo, Francesco"]
[Black "Peric, Slavisa"]
[Result "0-1"]
[WhiteElo "1978"]
[BlackElo "2288"]
[PlyCount "86"]
[EventDate "2006.05.12"]

1. d4 d5 2. Nc3 e6 3. a3 c5 4. Nf3 Nc6 5. Bg5 Nf6 6. e3 h6 7. Bh4 cxd4 8. exd4
Be7 9. Bd3 Qb6 10. O-O a6 11. Re1 O-O 12. h3 Rd8 13. Bg3 Bd6 14. Bxd6 Rxd6 15.
Qd2 Rd8 16. g4 Qc7 17. Qe3 Qe7 18. Ne5 Nxe5 19. Qxe5 Qd6 20. Qxd6 Rxd6 21. f4
Bd7 22. Re3 g6 23. Kf2 h5 24. g5 Ne8 25. Ne2 Rb6 26. Rb1 Nd6 27. Ng3 Rc8 28. c3
Bb5 29. Bc2 h4 30. Nf1 Bxf1 31. Kxf1 Nc4 32. Re2 Kg7 33. Bd3 a5 34. Kf2 Nd6 35.
Kf3 Rbc6 36. Kg4 Rh8 37. Ree1 b5 38. Rec1 f5+ 39. gxf6+ Kxf6 40. Re1 Nc4 41. b3
Nxa3 42. Ra1 Rxc3 43. Bxg6 Rg3# 0-1

[Event "X Festival A"]
[Site "Salsomaggiore Terme ITA"]
[Date "2006.05.14"]
[Round "6"]
[White "Gualtieri, Primo"]
[Black "Fragni, Enrico"]
[Result "0-1"]
[WhiteElo "1598"]
[BlackElo "1876"]
[PlyCount "68"]
[EventDate "2006.05.12"]

1. e4 c6 2. d4 d6 3. Nc3 Qc7 4. Nf3 Bg4 5. Bc4 e5 6. dxe5 dxe5 7. Bg5 Nf6 8.
Qd3 Bb4 9. O-O-O Bxf3 10. Qxf3 Bxc3 11. bxc3 Nbd7 12. Rd2 O-O 13. Rhd1 b5 14.
Bb3 a5 15. a4 bxa4 16. Bxa4 Rab8 17. Rd6 h6 18. Bxf6 Nxf6 19. Rxf6 gxf6 20.
Qxf6 Rfe8 21. Rd3 Re6 22. Rg3+ Kf8 23. Qg7+ Ke7 24. Bb3 Rf6 25. Rh3 Rd8 26.
Rxh6 Rxh6 27. Qxh6 Qd6 28. Qxd6+ Kxd6 29. Kd2 f6 30. Ke3 Kc5 31. f4 Rg8 32.
fxe5 fxe5 33. g3 Rh8 34. Kf3 Rxh2 0-1

[Event "X Festival A"]
[Site "Salsomaggiore Terme ITA"]
[Date "2006.05.14"]
[Round "6"]
[White "Pedemonte, Claudio"]
[Black "Annoni, Riccardo"]
[Result "0-1"]
[WhiteElo "1942"]
[BlackElo "2075"]
[PlyCount "58"]
[EventDate "2006.05.12"]

1. c4 e5 2. e4 Nc6 3. g3 d6 4. Bg2 Be6 5. d3 g6 6. Ne2 Qd7 7. Nbc3 Bg7 8. Be3
Bh3 9. O-O h5 10. Nd5 O-O-O 11. Qa4 Kb8 12. Nb4 Nge7 13. Nc3 h4 14. Nxc6+ Nxc6
15. b4 hxg3 16. fxg3 Bxg2 17. Kxg2 Qh3+ 18. Kf3 Qh5+ 19. Kf2 Qxh2+ 20. Ke1
Qxg3+ 21. Kd2 Rh2+ 22. Ne2 Nd4 23. Bxd4 Bh6+ 24. Kc3 exd4+ 25. Nxd4 Qe5 26.
Rxf7 Bd2+ 27. Kb3 Qxd4 28. Qa5 Qxd3+ 29. Ka4 Qc2+ 0-1

[Event "X Festival A"]
[Site "Salsomaggiore Terme ITA"]
[Date "2006.05.14"]
[Round "6"]
[White "Ranola, Yves"]
[Black "Salvador, Roland"]
[Result "1/2-1/2"]
[WhiteElo "2432"]
[BlackElo "2396"]
[PlyCount "33"]
[EventDate "2006.05.12"]

1. Nf3 Nf6 2. d4 e6 3. Bf4 b6 4. e3 Bb7 5. h3 Be7 6. c4 O-O 7. Nc3 d6 8. Be2
Nbd7 9. O-O Re8 10. Bh2 Bf8 11. Qc2 g6 12. Rfd1 Bg7 13. Rac1 Qe7 14. b4 e5 15.
dxe5 Nxe5 16. Nxe5 dxe5 17. a3 1/2-1/2

[Event "X Festival A"]
[Site "Salsomaggiore Terme ITA"]
[Date "2006.05.14"]
[Round "6"]
[White "Reggi, Matteo"]
[Black "Efimov, Igor"]
[Result "0-1"]
[WhiteElo "1781"]
[BlackElo "2437"]
[PlyCount "46"]
[EventDate "2006.05.12"]

1. e4 c5 2. Nf3 Nc6 3. d4 cxd4 4. Nxd4 Qb6 5. Nb3 Nf6 6. Nc3 e6 7. Be3 Qc7 8.
a3 a6 9. g3 h5 10. h3 b5 11. Bg2 Ne5 12. Bf4 d6 13. Bxe5 dxe5 14. Qe2 Bb7 15.
O-O-O Bxa3 16. Rd3 Be7 17. f4 b4 18. Na2 a5 19. Rdd1 a4 20. Qb5+ Bc6 21. Qxe5
Qxe5 22. fxe5 axb3 23. Nxb4 Bxb4 0-1

[Event "X Festival A"]
[Site "Salsomaggiore Terme ITA"]
[Date "2006.05.14"]
[Round "6"]
[White "Rezzuti, Vincenzo"]
[Black "Zuccaro, Guido"]
[Result "1-0"]
[WhiteElo "2079"]
[BlackElo "1631"]
[PlyCount "53"]
[EventDate "2006.05.12"]

1. e4 e6 2. d4 d5 3. e5 c5 4. c3 Qb6 5. Nf3 Bd7 6. Be2 Bb5 7. O-O Bxe2 8. Qxe2
Ne7 9. g4 Nbc6 10. dxc5 Qxc5 11. Be3 Qc4 12. Qxc4 dxc4 13. Na3 b5 14. Nxb5 Nd5
15. Nd6+ Bxd6 16. exd6 Kd7 17. Nd2 Na5 18. Ne4 Nb7 19. Nc5+ Nxc5 20. Bxc5 a6
21. Rfd1 Rhd8 22. Rd4 Kc6 23. Rxc4 Kb5 24. b3 Rac8 25. a4+ Kc6 26. Ba3+ Kd7 27.
Rxc8 1-0

[Event "X Festival A"]
[Site "Salsomaggiore Terme ITA"]
[Date "2006.05.14"]
[Round "6"]
[White "Santurbano, Maria Vincenza"]
[Black "Calza, Gabriele"]
[Result "1-0"]
[WhiteElo "1965"]
[BlackElo "2039"]
[PlyCount "75"]
[EventDate "2006.05.12"]

1. e4 c5 2. Nf3 e6 3. Nc3 Nc6 4. Bc4 a6 5. a4 Nf6 6. Qe2 d6 7. O-O Be7 8. d3
O-O 9. Bg5 Nd4 10. Qd1 Rb8 11. Nxd4 cxd4 12. Ne2 e5 13. c3 d5 14. Bxf6 dxc4 15.
Bxe7 Qxe7 16. dxc4 dxc3 17. Nxc3 Be6 18. Nd5 Qc5 19. Qe2 Rfe8 20. b4 Qc6 21. b5
Qc5 22. Kh1 Rbc8 23. Rfc1 f5 24. f3 f4 25. h3 Bd7 26. Qe1 Kf7 27. Qh4 Re6 28.
Qh5+ Kg8 29. Rab1 Rh6 30. Qxe5 Qf2 31. Rb2 Rxh3+ 32. gxh3 Qxf3+ 33. Rg2 g6 34.
Qxf4 Qa3 35. Nf6+ Kg7 36. Nxd7 Qxh3+ 37. Rh2 Qxd7 38. Qe5+ 1-0

[Event "X Festival A"]
[Site "Salsomaggiore Terme ITA"]
[Date "2006.05.14"]
[Round "6"]
[White "Sanzani, Pierluigi"]
[Black "Jones, Alessandro"]
[Result "1/2-1/2"]
[WhiteElo "1895"]
[BlackElo "1824"]
[PlyCount "82"]
[EventDate "2006.05.12"]

1. e4 e5 2. Nf3 Nc6 3. d4 exd4 4. Nxd4 Nf6 5. Nxc6 bxc6 6. e5 Nd5 7. Bc4 Nb6 8.
Bd3 d5 9. exd6 cxd6 10. O-O Qf6 11. Nc3 d5 12. Qh5 Be7 13. Bd2 g6 14. Qh6 Bf8
15. Rae1+ Be6 16. Qg5 Qxg5 17. Bxg5 Bg7 18. Bd2 O-O 19. b3 Rfe8 20. a4 a5 21.
h3 c5 22. Nb5 Rec8 23. f4 c4 24. f5 Bd7 25. bxc4 Nxc4 26. Bxc4 Rxc4 27. fxg6
fxg6 28. Re7 Bxb5 29. axb5 Rxc2 30. Rd1 Rb2 31. Rb7 a4 32. Rxg7+ Kxg7 33. Bc3+
Kf7 34. Bxb2 a3 35. Bxa3 Rxa3 36. Rxd5 Ke6 37. Rc5 Rb3 38. Rc6+ Kd7 39. Rf6
Rxb5 40. Rf7+ Ke6 41. Rxh7 Kf6 1/2-1/2

[Event "X Festival A"]
[Site "Salsomaggiore Terme ITA"]
[Date "2006.05.14"]
[Round "6"]
[White "Scalcione, Michelangelo"]
[Black "Rombaldoni, Axel"]
[Result "1-0"]
[WhiteElo "2255"]
[BlackElo "2160"]
[PlyCount "45"]
[EventDate "2006.05.12"]

1. Nf3 d5 2. d4 c6 3. c4 e6 4. Qc2 Nf6 5. Bg5 h6 6. Bxf6 Qxf6 7. Nc3 dxc4 8. a4
Bb4 9. e3 b5 10. axb5 Bxc3+ 11. bxc3 Bd7 12. Ne5 O-O 13. Qe4 Qf5 14. Qxf5 exf5
15. b6 a6 16. Bxc4 Be6 17. Bxe6 fxe6 18. c4 g5 19. c5 Kg7 20. h4 a5 21. Ra4 g4
22. O-O h5 23. g3 1-0

[Event "X Festival A"]
[Site "Salsomaggiore Terme ITA"]
[Date "2006.05.14"]
[Round "6"]
[White "Sgargi, Giuseppe"]
[Black "Bonugli, Carlo"]
[Result "1-0"]
[WhiteElo "1873"]
[BlackElo "2065"]
[PlyCount "81"]
[EventDate "2006.05.12"]

1. e4 e6 2. d4 d5 3. Nc3 Nf6 4. Bg5 dxe4 5. Nxe4 Be7 6. Nxf6+ Bxf6 7. Bxf6 Qxf6
8. c3 O-O 9. Qf3 Qe7 10. O-O-O c5 11. Qe3 cxd4 12. Rxd4 Nc6 13. Rd2 e5 14. g3
Be6 15. Kb1 Rfd8 16. Be2 Qc7 17. Nf3 Qa5 18. b3 Re8 19. Rhd1 Qc7 20. Bd3 f6 21.
Be4 Ne7 22. Rd6 Nf5 23. Bxf5 Bxf5+ 24. Kb2 b6 25. Nh4 Be6 26. f4 Bg4 27. R1d2
exf4 28. Qxf4 Be6 29. Rxe6 Qxf4 30. Rxe8+ Rxe8 31. gxf4 Re4 32. Ng2 Kf7 33. Kc2
Ke7 34. Kd3 Re6 35. Re2 Rxe2 36. Kxe2 Kd6 37. h4 Kd5 38. Kd3 b5 39. Ne3+ Kc5
40. b4+ Kd6 41. Nf5+ 1-0

[Event "X Festival A"]
[Site "Salsomaggiore Terme ITA"]
[Date "2006.05.14"]
[Round "6"]
[White "Tomio, Dante"]
[Black "Mazzoni, Carlo"]
[Result "0-1"]
[WhiteElo "1967"]
[BlackElo "1766"]
[PlyCount "48"]
[EventDate "2006.05.12"]

1. d4 f5 2. Nf3 Nf6 3. c3 g6 4. h3 Bg7 5. Bf4 d6 6. e3 O-O 7. Bd3 h6 8. Qb3+
Kh7 9. Nbd2 Nc6 10. O-O-O e5 11. dxe5 dxe5 12. Bxe5 Qxd3 13. Bxc7 Qd5 14. Nc4
Qf7 15. Bf4 Be6 16. g4 Bxc4 17. Qc2 Nd5 18. h4 Nxf4 19. Ng5+ hxg5 20. hxg5+ Kg8
21. exf4 Bd5 22. Rh4 Be4 23. Qa4 Rad8 24. Rg1 Qd5 0-1

[Event "X Festival A"]
[Site "Salsomaggiore Terme ITA"]
[Date "2006.05.14"]
[Round "6"]
[White "Vincenzi, Marco"]
[Black "Giovannini, Roberto"]
[Result "1-0"]
[WhiteElo "2034"]
[BlackElo "1961"]
[PlyCount "55"]
[EventDate "2006.05.12"]

1. d4 d5 2. c4 c6 3. Nc3 Nf6 4. Nf3 a6 5. c5 b6 6. cxb6 Qxb6 7. e3 Bg4 8. Be2
e6 9. O-O Nbd7 10. b3 Bd6 11. Bb2 O-O 12. Rc1 Rfc8 13. Na4 Qa7 14. Ne5 Bxe2 15.
Qxe2 c5 16. Nxd7 Nxd7 17. dxc5 Nxc5 18. Qg4 e5 19. Nxc5 Rxc5 20. Rxc5 Qxc5 21.
Rc1 Qa5 22. Bxe5 Bf8 23. h3 h5 24. Qxh5 d4 25. exd4 f6 26. Qf3 Re8 27. Bg3 Qxa2
28. Qd5+ 1-0

[Event "Open Olimpico A Maggio"]
[Site "Torino ITA"]
[Date "2006.05.22"]
[Round "1"]
[White "De Coverly, Roger D."]
[Black "Della Penna, Vincenzo"]
[Result "1-0"]
[WhiteElo "2083"]
[BlackElo "1503"]
[PlyCount "83"]
[EventDate "2006.05.22"]

1. Nf3 Nf6 2. c4 g6 3. g3 Bg7 4. Bg2 O-O 5. O-O d6 6. e4 Nbd7 7. Nc3 e5 8. h3
c6 9. d4 a6 10. dxe5 dxe5 11. Qc2 Qc7 12. b3 b6 13. Ba3 c5 14. Rad1 Bb7 15. Bb2
Rad8 16. Rfe1 Bc6 17. a4 a5 18. Nb5 Bxb5 19. cxb5 Rfe8 20. Bf1 Bf8 21. Bc4 Bd6
22. Bc3 Nf8 23. Ng5 Ne6 24. Nxe6 fxe6 25. Kg2 Kf7 26. f4 Nd7 27. f5 Nf8 28. Rf1
Kg8 29. Bd2 Rd7 30. Bh6 Rf7 31. Bxf8 Rfxf8 32. Qd2 Be7 33. Bxe6+ Kg7 34. Qc3
Rd8 35. Rxd8 Bxd8 36. Rd1 Kh8 37. Rd7 Qb8 38. Qe3 g5 39. Qf3 Bf6 40. Rxh7+ Kxh7
41. Qh5+ Kg7 42. Qg6+ 1-0

[Event "Open Olimpico A Maggio"]
[Site "Torino ITA"]
[Date "2006.05.22"]
[Round "1"]
[White "Fortino, Fabrizio"]
[Black "Vehi Bach, Victor Manuel"]
[Result "0-1"]
[WhiteElo "2012"]
[BlackElo "2335"]
[PlyCount "64"]
[EventDate "2006.05.22"]

1. e4 c5 2. c3 Nf6 3. e5 Nd5 4. d4 cxd4 5. Nf3 e6 6. cxd4 d6 7. Bc4 Nb6 8. Bd3
dxe5 9. Nxe5 Nc6 10. Bb5 Bd7 11. Nc3 Nxe5 12. dxe5 Bxb5 13. Nxb5 Qxd1+ 14. Kxd1
O-O-O+ 15. Ke2 Rd5 16. a4 Rxe5+ 17. Be3 Nd5 18. Rac1+ Kb8 19. Rhd1 Be7 20. Rxd5
exd5 21. Kd3 Rxe3+ 22. Kxe3 a6 23. Nd4 Bg5+ 24. f4 Re8+ 25. Kf3 Bf6 26. Nf5
Bxb2 27. Rd1 Rd8 28. Ne7 d4 29. Rd3 Bc3 30. Nf5 g6 31. Ne3 b5 32. axb5 axb5 0-1

[Event "Open Olimpico A Maggio"]
[Site "Torino ITA"]
[Date "2006.05.22"]
[Round "1"]
[White "Jones, Chris"]
[Black "Gallucci, Alessio"]
[Result "0-1"]
[WhiteElo "2110"]
[BlackElo "1787"]
[PlyCount "72"]
[EventDate "2006.05.22"]

1. e4 c5 2. Nf3 Nc6 3. d4 cxd4 4. Nxd4 Nf6 5. Nc3 e5 6. Nb3 Bb4 7. Bd3 d5 8.
exd5 Nxd5 9. Bd2 Bxc3 10. bxc3 O-O 11. Qf3 Be6 12. Qg3 Nde7 13. Nc5 Nf5 14. Qg5
Nce7 15. Nxb7 Qc7 16. Be4 Rab8 17. g4 Nh6 18. f4 exf4 19. Nc5 Bxg4 20. Bxf4 Qa5
21. Bd2 f6 22. Qe3 f5 23. Bd3 Nd5 24. Qe6+ Kh8 25. Qxd5 Rfe8+ 26. Kf2 Rbc8 27.
Rhe1 Red8 28. Qe5 Rxc5 29. Qe7 Rcd5 30. Rab1 Qc5+ 31. Qe3 Qd6 32. Qf4 Nf7 33.
Rb7 Ne5 34. Qg5 Nxd3+ 35. cxd3 Qxh2+ 36. Ke3 Rxd3# 0-1

[Event "Open Olimpico A Maggio"]
[Site "Torino ITA"]
[Date "2006.05.22"]
[Round "1"]
[White "Saccona, Silvano"]
[Black "Finocchiaro, Gianluca"]
[Result "1-0"]
[WhiteElo "2162"]
[BlackElo "1934"]
[PlyCount "80"]
[EventDate "2006.05.22"]

1. e4 d6 2. d4 Nf6 3. Nc3 Nbd7 4. Nf3 e5 5. Be2 c6 6. O-O Be7 7. a4 O-O 8. Re1
Qc7 9. Bg5 Rd8 10. Bf1 Nf8 11. h3 Ne6 12. Be3 exd4 13. Nxd4 Nxd4 14. Bxd4 Be6
15. f4 d5 16. e5 Ne4 17. Qf3 Nxc3 18. bxc3 c5 19. Bf2 Bf5 20. Bd3 Bxd3 21. cxd3
Qa5 22. c4 dxc4 23. Qxb7 Kf8 24. dxc4 Rab8 25. Qe4 Kg8 26. f5 Rb4 27. f6 gxf6
28. e6 Rf8 29. Re3 Kh8 30. exf7 Rxf7 31. Be1 Qd8 32. Bxb4 cxb4 33. Kh1 Rg7 34.
Qd5 Qc7 35. Rd1 Qb6 36. Re6 Qb8 37. Qe4 Qc7 38. Re1 Bd8 39. Re8+ Rg8 40. Qg4
Qb7 1-0

[Event "Open Olimpico A Maggio"]
[Site "Torino ITA"]
[Date "2006.05.22"]
[Round "1"]
[White "Vozza, Nicola"]
[Black "Hofstetter, Hans Joachim"]
[Result "0-1"]
[WhiteElo "1997"]
[BlackElo "2222"]
[PlyCount "51"]
[EventDate "2006.05.22"]

1. d4 Nf6 2. Bg5 g6 3. Bxf6 exf6 4. Nf3 Bg7 5. g3 O-O 6. Bg2 d6 7. O-O f5 8. c4
Nd7 9. Nc3 Nf6 10. Qd3 Re8 11. Nd2 c6 12. b4 Be6 13. a4 d5 14. c5 Ne4 15. f4 a5
16. b5 Qf6 17. e3 Nxc5 18. dxc5 Qxc3 19. Qxc3 Bxc3 20. Nf3 Bd7 21. Rac1 Rxe3
22. Rxc3 Rxc3 23. Ne5 Be8 24. Rd1 Rxc5 25. g4 fxg4 26. Nxg4 0-1